000 00668nam a2200265Ia 4500
005 20260121165836.0
008 008 260114s9999 xx 000 0 eng d
020 _a9783662475102
037 _aEBOOK
040 _aCRL
040 _beng
040 _cCRL
041 _2eng
041 _aeng
084 _qCRL
100 _aJi Chen
_91056716
245 0 _aApplication of Ionic Liquids on Rare Earth Green Separation and Utilization
260 _bSpringer
260 _bSpringer
260 _c2016
856 _uhttps://link.springer.com/openurl?genre=book&isbn=978-3-662-47510-2
942 _cEBOOK
999 _c1622444
_d1622444